000 00789nam a2200241Ia 4500
999 _c21573
_d21573
082 _aTH.0042
100 _aHarikesh Singh
245 0 _aStudy of the development of the concept of freedom in education since Rousseau
260 _c1984
_bBanaras Hindu University
300 _a243p. + C D - 39
650 _aINTELLECTUAL FREEDOM//ACADEMIC FREEDOM
650 _aFREEDOM OF INFORMATION///ACADEMIC FREEDOM
650 _aACADEMIC FREEDOM
650 _aTOLERATION///ACADEMIC FREEDOM
650 _aLIBERTY///ROUSSEAU - VIEWS
650 _aROUSSEAU - VIEWS ON LIBERTY
650 _aLIBERTY
650 _aEDUCATIONAL FREEDOM//ACADEMIC FREEDOM
650 _aFREEDOM, ACADEMIC//ACADEMIC FREEDOM
650 _aLIBERTY///ACADEMIC FREEDO
710 _aSingh, S.N.
942 _cTH
_2ddc